| 000 | 00350cam a2200145ua 4500 | ||
|---|---|---|---|
| 041 |
_aeng _h |
||
| 082 |
_a823.308 _bDIC/GR |
||
| 100 | _aDicknes, . | ||
| 245 |
_aGreat expectations / _cDickens. _hTextual Documents |
||
| 260 |
_aLondon : _bGinn and company Ltd , _c1966. |
||
| 300 | _a180 ; . | ||
| 504 | _a | ||
| 942 | _cBK | ||
| 999 |
_c11792 _d11792 |
||